|
|
|
แสดงรายละเอียดบรรณานุกรม |
|
|
Brief Record
: Get Marc (ISO 2709)
: E-mail record
: |
| LEADER : 00000nam 2200000uu 4500 | |||
| 001 13399129214 | |||
| 003 ULIB | |||
| 008 260511s2026||||th 000 0 tha d | |||
| 020 ^a9781975239169 | |||
| 060 4 ^aWY160^bV652P | |||
| 100 1 ^aVidebeck, Sheila l. | |||
| 245 1 ^aPsychiatric mental health nursing /^cSheila L. Videbeck. | |||
| 250 ^a10th ed. | |||
| 260 ^aPhiladelphia :^bWolters kluwer,^c2026. | |||
| 300 ^axi, 526 p. :^bill. ;^c28 cm. | |||
| 505 0 ^aUnit 1. Current theories and practice. 1, Foundation of psychiatric-mental health nursing. 2, Neurobiologic theories and psychopharmacology. 3, Psychosocial theories and therapy. 4, Treatment settings and therapeutic programs -- Unit 2. Building the nurse-client relationship. 5, Therapeutic relationships. 6, Therapeutic communication. 7, Client s response to illness. 8, Assessment -- Unit 3. Current social and emotional concerns. 9, Legal and ethical issues. 10, Grief and loss. 11, Anger, hostility, and aggression. 12, Abuse and violence -- Unit 4. Nursing practice for psychiatric disorder. 13, Trauma and stressor-related disorders. 14, Anxiety and anxiety disorders. 15, Obsessive-compulsive and related disorders. 16, Schizophrenia. 17, Mood disorders and suicide. 18, Personality disorders. 19, Addiction. 20, Eating disorders. 21, Somatic symptom illnesses. 22, Neurodevelopmental disorders. 23, Disruptive behavior disorders. 24, Cognitive disorders. | |||
| 650 0 ^aMental Disorders^xNursing | |||
| 650 0 ^aPsychiatric nursing. | |||
| 650 0 ^aPsychiatric nursing.^xTextbooks | |||
| 650 0 ^aPsychiatric nursing^xMethods | |||
| 650 2 ^aNurse-patient relations | |||
| 650 4 ^aMental health | |||
| 999 ^aประนอม เกษจรัล | |||
| คุณยังไม่ได้ล็อกอิน คุณสามารถมีกิจกรรมร่วมกับเว็บไซต์ได้ แต่ต้องล็อกอินก่อน :: |
|
รายการสื่อสารสนเทศ |
| สถานะ | |||||
| 1. | หนังสือสำรอง สถานะ=หนังสือสำรอง | WY160 V652P ฉ.1 Barcode: 012200 | ►หนังสือทั่วไป | บนชั้น *เพิ่งรับคืน | |
| รายการใกล้เคียง ผู้แต่ง [Videbeck, Sheila l.] หัวเรื่อง [Mental Disorders Nursing] หัวเรื่อง [Psychiatric nursing.]
|
BibComment |
| คอมเมนท์ทรัพยากรรายการนี้ |
|
| |
Copyright 2026. Bcnsprnw @Library |
|